000 00261nam a2200133Ia 4500
100 _aSudha Murthy
650 _aFiciton
942 _cBK
366 _f20
245 _aDollar Bahu
260 _bPenquin books
_aMumbai
_c2007
546 _aENGLISH
999 _c29118
_d29118